One Piece - Les 10 meilleurs de ... #5 - Statistiques

Statistiques générales
  • Ce quiz a été pris 150 fois
  • Le résultat moyen est 18 sur 40
Statistiques - réponses
Hint Réponse % Correct
Alliés de Luffy ( hors équipage ) Shanks
91%
Fluide Perceptif Shanks
91%
personnage sans fruits du démon ( Vivant ) Shanks
91%
Fluide Perceptif Charlotte Katakuri
81%
personnage sans fruits du démon ( Vivant ) Roronoa Zoro
78%
Fluide Perceptif Monkey D. Luffy
77%
personnage sans fruits du démon ( Vivant ) Monkey D. Garp
76%
Alliés de Luffy ( hors équipage ) Trafalgar D. Water Law
72%
personnage sans fruits du démon ( Vivant ) Vinsmoke Sanji
71%
Alliés de Luffy ( hors équipage ) Silvers Rayleigh
70%
personnage sans fruits du démon ( Vivant ) Silvers Rayleigh
70%
Clan ou peuple les plus puissants Géant
69%
Fluide Perceptif Kaido
59%
Alliés de Luffy ( hors équipage ) Sabo
58%
Fluide Perceptif Dracule Mihawk
57%
personnage sans fruits du démon ( Vivant ) Dracule Mihawk
57%
Fluide Perceptif Gol D. Roger
54%
Alliés de Luffy ( hors équipage ) Nefertari Vivi
53%
personnage sans fruits du démon ( Vivant ) Jinbe
49%
Clan ou peuple les plus puissants Homme poisson
46%
Alliés de Luffy ( hors équipage ) Boa Hancock
43%
Clan ou peuple les plus puissants Minks
43%
Alliés de Luffy ( hors équipage ) Kozuki Momonosuke
42%
Fluide Perceptif Kozuki Momonosuke
42%
Alliés de Luffy ( hors équipage ) Marco
42%
personnage sans fruits du démon ( Vivant ) Ben Beckmann
38%
Clan ou peuple les plus puissants Lunarias
32%
Alliés de Luffy ( hors équipage ) Shirahoshi
27%
Fluide Perceptif Ener
26%
Fluide Perceptif Issho Fujitora
23%
Alliés de Luffy ( hors équipage ) Carrot
22%
Clan ou peuple les plus puissants Nains
19%
Clan ou peuple les plus puissants Buccaneers
14%
personnage sans fruits du démon ( Vivant ) Denjiro
14%
Clan ou peuple les plus puissants Kujas
13%
Clan ou peuple les plus puissants 3 Yeux
7%
Fluide Perceptif Aisa
5%
Clan ou peuple les plus puissants Démon
5%
personnage sans fruits du démon ( Vivant ) Vinsmoke Ichiji
4%
Clan ou peuple les plus puissants Germa 66
2%
Aucun quiz correspondant
Distribution des résultats
% des personnes avec chaque résultat
Percentile par nombre de réponses
Votre historique - résultats
Vous n’avez pas pris ce quiz